Mayors of Toronto - Statistics

General Stats
  • This quiz has been taken 3 times
  • The average score is 3 of 5
Answer Stats
Term Mayor % Correct
2010–2014 Rob Ford
100%
2014–2023 John Tory
67%
1998–2003 Mel Lastman
67%
2023– Olivia Chow
67%
2003–2010 David Miller
33%
No matching quizzes found
Score Distribution
Percent of People with Each Score
Percentile by Number Answered
Your Score History
You have not taken this quiz